Encyclopaedia of cities and towns in India. 27v. V.1. Haryana (Record no. 42765)

MARC details
000 -LEADER
fixed length control field 00352nam a2200121Ia 4500
020 ## - INTERNATIONAL STANDARD BOOK NUMBER
ISBN :8121209714
082 ## - DEWEY DECIMAL CLASSIFICATION NUMBER
Classification number 915(540)HAR
Item number SES.1
100 ## - MAIN ENTRY--AUTHOR NAME
Personal name Seshagiri, N
245 #0 - TITLE STATEMENT
Title Encyclopaedia of cities and towns in India. 27v. V.1. Haryana
260 ## - PUBLICATION, DISTRIBUTION, ETC. (IMPRINT)
Place of publication New Delhi
Name of publisher Gyan Publishing House
Year of publication 2008
942 ## - ADDED ENTRY ELEMENTS (KOHA)
Koha item type Books
Holdings
Withdrawn status Lost status Damaged status Not for loan Home library Current library Date acquired Full call number Accession Number Koha item type
        RRII Library RRII Library 16/12/2021 915(540)HAR SES.1 23030 Books